Music Quiz

Random Music or Song Quiz

Solo Beatles Hits Quiz Stats

 Plays Quiz Updated Jan 25, 2012

Score 0/70 Timer 12:00
0 Plays Today
Beatle Song % Correct
John LennonImagine
93.1%
Paul McCartney (incl. duets and Wings) 1971-1974Band on the Run
54.3%
George HarrisonMy Sweet Lord/Isn't It a Pity
51.6%
Paul McCartney (incl. duets and Wings) 1971-1974Live and Let Die
45%
Paul McCartney (incl. duets and Wings) 1980-1989Ebony and Ivory
39.4%
John LennonInstant Karma! (We All Shine On)
36.8%
Paul McCartney (incl. duets and Wings) 1971-1974Jet
36.3%
John LennonWoman
35.5%
John LennonGive Peace a Chance
33.3%
Paul McCartney (incl. duets and Wings) 1975-1979Maybe I'm Amazed
30.1%
Paul McCartney (incl. duets and Wings) 1980-1989Say Say Say
29%
Paul McCartney (incl. duets and Wings) 1975-1979Silly Love Songs
28%
Ringo StarrPhotograph
27.3%
George HarrisonGot My Mind Set on You
27.1%
John LennonWatching the Wheels
25.5%
John Lennon(Just Like) Starting Over
24.5%
George HarrisonYou
23.7%
Ringo StarrYou're Sixteen
20.6%
Paul McCartney (incl. duets and Wings) 1975-1979Girls' School
20.1%
Ringo StarrIt Don't Come Easy
20%
Paul McCartney (incl. duets and Wings) 1980-1989The Girl Is Mine
19.2%
John LennonWhatever Gets You Thru the Night
18.6%
Paul McCartney (incl. duets and Wings) 1971-1974My Love
17.8%
John LennonCold Turkey
17.3%
George HarrisonWhat Is Life
17%
John LennonMind Games
15.7%
John LennonStand by Me
15.7%
Paul McCartney (incl. duets and Wings) 1980-1989Coming Up (Live at Glasgow)
15.3%
Paul McCartney (incl. duets and Wings) 1975-1979Let 'Em In
15.2%
George HarrisonWhen We Was Fab
14.4%
Paul McCartney (incl. duets and Wings) 1971-1974Uncle Albert/Admiral Halsey
14.4%
George HarrisonAll Those Years Ago
14.3%
George HarrisonGive Me Love (Give Me Peace on Earth)
14%
Paul McCartney (incl. duets and Wings) 1971-1974Another Day
13.6%
Ringo StarrNo No Song/Snookeroo
13.4%
Beatle Song % Correct
John LennonNobody Told Me
13.2%
John Lennon#9 Dream
12.3%
Paul McCartney (incl. duets and Wings) 1971-1974Junior's Farm/Sally G
12.2%
Paul McCartney (incl. duets and Wings) 1971-1974Helen Wheels
11.3%
Paul McCartney (incl. duets and Wings) 1980-1989No More Lonely Nights
11.3%
John LennonPower to the People
11.3%
Paul McCartney (incl. duets and Wings) 1975-1979Listen to What the Man Said
11.3%
Paul McCartney (incl. duets and Wings) 1975-1979Venus and Mars/Rock Show
11%
Paul McCartney (incl. duets and Wings) 1980-1989So Bad
10.9%
George HarrisonDark Horse
10.5%
Ringo StarrBack Off Boogaloo
10.4%
Paul McCartney (incl. duets and Wings) 1975-1979With a Little Luck
10.4%
Paul McCartney (incl. duets and Wings) 1971-1974Hi, Hi, Hi
10.2%
George HarrisonBangla Desh
10.1%
George HarrisonCrackerbox Palace
9.8%
George HarrisonBlow Away
7.5%
Paul McCartney (incl. duets and Wings) 1971-1974Give Ireland Back to the Irish
7.1%
Paul McCartney (incl. duets and Wings) 1975-1979Goodnight Tonight
7%
Paul McCartney (incl. duets and Wings) 1980-1989My Brave Face
6.7%
Paul McCartney (incl. duets and Wings) 1980-1989Spies Like Us
6.5%
Paul McCartney (incl. duets and Wings) 1980-1989Take It Away
6.5%
Paul McCartney (incl. duets and Wings) 1971-1974Mary Had a Little Lamb
6.5%
George HarrisonThis Song
6.1%
Paul McCartney (incl. duets and Wings) 1975-1979London Town
5.9%
Ringo StarrOh My My
5.6%
Ringo Starr(It's All Da-Da-Down To) Goodnight Vienna
5.1%
Ringo StarrOnly You (And You Alone)
4.8%
Paul McCartney (incl. duets and Wings) 1980-1989Press
4.7%
George HarrisonDing Dong, Ding Dong
4.1%
Paul McCartney (incl. duets and Wings) 1975-1979Getting Closer
3.6%
Paul McCartney (incl. duets and Wings) 1975-1979Arrow Through Me
3.5%
Ringo StarrWrack My Brain
3.5%
Paul McCartney (incl. duets and Wings) 1975-1979Letting Go
3.4%
Paul McCartney (incl. duets and Wings) 1975-1979I've Had Enough
2.9%
Ringo StarrA Dose of Rock 'n' Roll
2.5%

You're not logged in!

Compare scores with friends on all Sporcle quizzes.
OR
Log In

Sporcle TV

Today on Sporcle TV


Watch our educational content, quiz creation guides, and fun videos on Sporcle TV.

Show Comments

Extras

Top Quizzes Today


Score Distribution

Your Account Isn't Verified!

In order to create a playlist on Sporcle, you need to verify the email address you used during registration. Go to your Sporcle Settings to finish the process.

Report this User

Report this user for behavior that violates our Community Guidelines.

Details: